यशोधन (Record no. 117916)

MARC details
000 -LEADER
fixed length control field 00591nam a2200181Ia 4500
008 - FIXED-LENGTH DATA ELEMENTS--GENERAL INFORMATION
fixed length control field 090124s9999 xx 000 0 und d
082 ## - DEWEY DECIMAL CLASSIFICATION NUMBER
Item number 3975
Classification number 724
100 ## - MAIN ENTRY--PERSONAL NAME
Personal name यशवंत (पेंढारकर यशवंत दिनकर)
245 ## - TITLE STATEMENT
Title यशोधन
250 ## - EDITION STATEMENT
Edition statement 2
260 ## - PUBLICATION, DISTRIBUTION, ETC. (IMPRINT)
Date of publication, distribution, etc 1929
300 ## - PHYSICAL DESCRIPTION
Extent 160+12
600 ## - SUBJECT ADDED ENTRY--PERSONAL NAME
Personal name यशवंत (पेंढारकर यशवंत दिनकर)
630 ## - SUBJECT ADDED ENTRY--UNIFORM TITLE
Uniform title यशोधन
700 ## - ADDED ENTRY--PERSONAL NAME
Personal name यशवंत (पेंढारकर यशवंत दिनकर)
730 ## - ADDED ENTRY--UNIFORM TITLE
Uniform title यशोधन
942 ## - ADDED ENTRY ELEMENTS (KOHA)
Koha item type Book
Holdings
Withdrawn status Lost status Damaged status Not for loan Home library Current library Date acquired Cost, normal purchase price Total Checkouts Full call number Barcode Date last seen Cost, replacement price Price effective from Koha item type
        Marathi Granth Sangrahalaya,Thane Marathi Granth Sangrahalaya,Thane   3.50   3975 THNMGS-3975 01/24/2009 3.50 01/24/2009 Book